| 000 | 00493nam a22001937a 4500 | ||
|---|---|---|---|
| 003 | OSt | ||
| 005 | 20160502143521.0 | ||
| 008 | 160502b xxu||||| |||| 00| 0 eng d | ||
| 020 | _a0333658604 | ||
| 040 | _cDDC. | ||
| 082 | _a578.7SUT 1998. | ||
| 100 |
_aSutton,Julian. _98407 |
||
| 245 | _aBiology. | ||
| 260 |
_aLondon. _bMacmillan. _c1998. |
||
| 300 |
_axvi,528p; _bill; _c27cm. |
||
| 504 | _aGlossary,Bibliography en index are included. | ||
| 650 |
_aBiology. _95602 |
||
| 942 |
_2ddc _cSLOAN |
||
| 999 |
_c3833 _d3833 |
||